000 005200000a22001810004500
003 MACL
005 20160303120409.0
008 160303b xxu||||| |||| 00| 0 eng d
040 _aMACL
_cMACL
041 _aHindi
082 _a891.431
100 _aसिंह विजय बहादुर
_942321
245 _aमौसम मी चिटठी
260 _bपरिमल प्रकाशन
_c1982
_aइलाहाबाद
350 _a20
650 _aPoetry
_942322
942 _cHIN
_k891.431
_2ddc
999 _c28618
_d28618